000
00323nam a2200109Ia 4500
008
171204s9999 xx 000 0 und d
245
_a
Doing Social Psychology Research:
245
_c
Glynis M. Breakwell
260
_c
2015
650
_x
ADVANCED RESEARCH METHODS 1
856
_u
http://down.ebook777.com/003/DoiSocPsyRes.pdf
999
_c
346884
_d
346884